Movie Alphabet A - Statistics

General Stats
  • This quiz has been taken 131 times
  • The average score is 12 of 16
Answer Stats
Picture Answer % Correct
Aladdin
99%
Avatar
98%
The Avengers
97%
Alice in Wonderland
92%
Alien
91%
Ant-Man
89%
Ace Ventura: Pet Detective
86%
The Amazing Spider-Man
76%
Armageddon
70%
Anchorman: The Legend of Ron Burgundy
67%
Apollo 13
67%
Aliens
59%
Anaconda
57%
Apocalypse Now
51%
Argo
48%
All Quiet on the Western Front
27%
No matching quizzes found
Score Distribution
Percent of People with Each Score
Percentile by Number Answered
Your Score History
You have not taken this quiz